| 000 | 00854nam a2200241 a 4500 | ||
|---|---|---|---|
| 001 | 48588 | ||
| 003 | BD-RjUL | ||
| 005 | 20211209054541.0 | ||
| 008 | 160814s1985 bg ||||| b||| 00| 0 ben d | ||
| 020 | _c: Tk. 15.00 | ||
| 035 | _a(BD-RjUL)48707 | ||
| 040 |
_aBD-RjUL _bben _cBD-RjUL |
||
| 041 | _aben | ||
| 082 |
_223 _a891.44209 _bHAN 1985 |
||
| 100 | 1 |
_aহায়দার, জিয়া _9146793 |
|
| 245 | 1 | 0 | _aনাট্য ও নাটক / |
| 260 |
_aঢাকা : _bবাংলা একাডেমী, _c১৯৮৫ |
||
| 300 |
_a১১১ পৃ. ; _c১৩ সেমি. |
||
| 504 | _aগ্রন্থপঞ্জী সংযুক্ত | ||
| 650 |
_aবাংলা নাটক _vইতিহাস ও সমালোচনা _9123606 |
||
| 650 |
_aBengali Drama _vHistory and Criticism _9117436 |
||
| 942 |
_2ddc _cBK |
||
| 999 |
_c48588 _d48588 |
||